Research methodology and scientific writing (Record no. 395445)

MARC details
000 -LEADER
fixed length control field 00524 a2200205 4500
005 - DATE & TIME
control field 20260417122355.0
008 - FIXED-LENGTH DATA ELEMENTS--GENERAL INFORMATION
fixed length control field 260416b |||||||| |||| 00| 0 eng d
020 ## - ISBN
International Standard Book Number 9789388264488
Price Rs. 1995.00
040 ## - CATALOGING SOURCE
Original cataloging agency VIVEKANANDA LIBRARY
082 ## - DDC NUMBER
Classification number 001.42
Book Number T361R(2)
100 ## - MAIN ENTRY--PERSONAL NAME
Personal name Thomas, C George
245 ## - TITLE STATEMENT
Title Research methodology and scientific writing
250 ## - EDITION STATEMENT
Edition statement 2nd
260 ## - PUBLICATION, DISTRIBUTION, ETC. (IMPRINT)
Name of publisher, distributor, etc Ane Books
Date of publication, distribution, etc 2026
Place of publication, distribution, etc New Delhi
300 ## - PHYSICAL DESCRIPTION
Pages 627
650 ## - Subject
Subject Knowledge
650 ## - Subject
Subject Computer Science
650 ## - Subject
Subject Research Methods
942 ## - ADDED ENTRY ELEMENTS (KOHA)
Koha item type Books
Holdings
Withdrawn status Lost status Source of classification or shelving scheme Damaged status Not for loan Location (home branch) Sublocation or collection (holding branch) Shelving location Date acquired Koha issues (times borrowed) Koha full call number Accession No. Koha date last seen Koha item type
    Dewey Decimal Classification     VIVEKANANDA LIBRARY VIVEKANANDA LIBRARY Chaudhry Ranbir Singh Inst. of Social and Economic Change 25/03/2026   001.42 T361R(2) 438892 25/03/2026 Books
© Designed and Maintained by Vivekananda Library, MDU Rohtak